00372 2200133 4500001002100000005001500021035002000036245009700056100002000153300001200173260003300185082000800218990001200226INLIS00000000000222420250527015347 a0010-05250005161 aThe Hard Questions 100 Essential Questions to Ask Before You Say ''I do'' /cAndrew Weil M.D0 aAndrew Weil M.D a122 hlm bSussar Piver(Torrent),c2004 a813 a0712703